[Event "28th European Club Cup"]
[Site "Eilat ISR"]
[Date "2012.10.15"]
[Round "5.15"]
[White "Verkasalo, Tommi"]
[Black "Harakis, Alexis M"]
[Result "0-1"]
[WhiteElo "2185"]
[BlackElo "2229"]
[WhiteTeam "Shakkivelhot"]
[BlackTeam "Jutes of Kent"]
[WhiteFideId "503070"]
[BlackFideId "403954"]
[EventDate "2012.10.11"]
[EventType "team-swiss"]

1. e4 e6 2. d4 d5 3. Nc3 h6 4. Be3 dxe4 5. Nxe4 Nf6 6. Ng3 Nbd7 7. Nf3 Bd6 8.
Bd3 Ng4 9. Qe2 Nxe3 10. Qxe3 Nf6 11. Ne5 Nd5 12. Qe4 Bxe5 13. dxe5 Bd7 14. h4 h5
15. Qf3 Bc6 16. Nxh5 Qe7 17. O-O-O g6 18. Ng3 O-O-O 19. Be4 Rxh4 20. Rxh4 Qxh4
21. c4 Qf4+ 22. Qxf4 Nxf4 23. Bxc6 bxc6 24. Rxd8+ Kxd8 25. Kd2 Nxg2 26. Ne4 Nh4
27. Ng5 Ke7 28. Kc3 f6 29. exf6+ Kxf6 30. Ne4+ Ke5 31. Nc5 Nf3 32. a4 g5 33. a5
g4 34. a6 Ng5 35. Kd3 Kf5 36. Ke3 e5 37. Nd3 Ne6 38. b4 Nd4 39. Ne1 Ne6 40. Nc2
c5 41. b5 Nd4 42. Na3 e4 43. Nb1 Ke5 44. Na3 Nf5+ 45. Kd2 Nd6 46. Ke3 Nc8 47.
Nb1 Nd6 48. Na3 Kf5 49. Kd2 Kf4 50. Ke2 Kf5 51. Ke3 Ke5 52. Kd2 Kd4 53. Nc2+
Kxc4 54. Ne3+ Kb3 55. Nxg4 c4 56. Nf6 c3+ 57. Kc1 c2 58. Nd7 Kc3 59. b6 cxb6 60.
Nxb6 Nb5 61. Na4+ Kb4 62. Nb2 Kb3 63. f4 Nc3 0-1

[Event "28th European Club Cup"]
[Site "Eilat ISR"]
[Date "2012.10.15"]
[Round "5.16"]
[White "Villegas, Pierre"]
[Black "Sprenger, Jan Michael"]
[Result "0-1"]
[BlackTitle "IM"]
[WhiteElo "2202"]
[BlackElo "2491"]
[WhiteTeam "C.E. de Monte Carlo"]
[BlackTeam "De Stukkenjagers"]
[WhiteFideId "654183"]
[BlackFideId "4646258"]
[EventDate "2012.10.11"]
[EventType "team-swiss"]

1. d4 Nf6 2. c4 e6 3. Nc3 Bb4 4. Qc2 c5 5. dxc5 Qc7 6. a3 Bxc5 7. b4 Be7 8. Nb5
Qc6 9. Nf3 d6 10. e4 a6 11. Nc3 Nbd7 12. Be2 Qc7 13. Bf4 b6 14. O-O Bb7 15. Rfd1
O-O 16. Rd2 Rfd8 17. Rad1 Ne8 18. h4 Rac8 19. Rc1 Qb8 20. Bg5 Nef6 21. Re1 Qa8
22. Bf1 Qb8 23. Bf4 Ng4 24. Red1 Nge5 25. Nxe5 Nxe5 26. Bxe5 dxe5 27. g3 g6 28.
Rd7 Rxd7 29. Rxd7 Bf8 30. Qb3 Bc6 31. Rd1 Kg7 32. c5 Qa7 33. cxb6 Qxb6 34. Bg2
Bc5 35. Rd2 Bd4 36. Nd1 a5 37. Rc2 Rb8 38. Qc4 Ba4 39. bxa5 Qxa5 40. Rc1 Qd2 41.
Ne3 Bxe3 0-1

[Event "28th European Club Cup"]
[Site "Eilat ISR"]
[Date "2012.10.15"]
[Round "5.16"]
[White "Haast, Mark"]
[Black "Van Hoolandt, Patrick"]
[Result "1-0"]
[BlackTitle "FM"]
[WhiteElo "2287"]
[BlackElo "2191"]
[WhiteTeam "De Stukkenjagers"]
[BlackTeam "C.E. de Monte Carlo"]
[WhiteFideId "1021133"]
[BlackFideId "200999"]
[EventDate "2012.10.11"]
[EventType "team-swiss"]

1. d4 d5 2. c4 e6 3. Nc3 Bb4 4. a3 Bxc3+ 5. bxc3 c5 6. e3 Nf6 7. cxd5 exd5 8.
Bd3 O-O 9. Ne2 Re8 10. O-O Bd7 11. f3 Bc6 12. g4 Nbd7 13. Ng3 Nf8 14. g5 N6d7
15. f4 Nb6 16. Ra2 Nc4 17. Re2 Nd6 18. Rg2 Bb5 19. f5 Bxd3 20. Qxd3 c4 21. Qe2
Ne4 22. Nh5 Nxc3 23. Qf3 Nd7 24. Qh3 Ne4 25. f6 g6 26. Ng7 Kh8 27. Rg4 Ndxf6 28.
gxf6 Nxf6 29. Nxe8 Nxg4 30. Rxf7 h5 31. Rf8+ Kh7 32. Qf3 1-0

[Event "28th European Club Cup"]
[Site "Eilat ISR"]
[Date "2012.10.15"]
[Round "5.16"]
[White "Ribbegren, Karl Johan"]
[Black "Nabuurs, Mart"]
[Result "0-1"]
[WhiteElo "2101"]
[BlackElo "2250"]
[WhiteTeam "C.E. de Monte Carlo"]
[BlackTeam "De Stukkenjagers"]
[WhiteFideId "5400040"]
[BlackFideId "1018515"]
[EventDate "2012.10.11"]
[EventType "team-swiss"]

1. g3 c5 2. Bg2 Nc6 3. c4 g6 4. Nc3 Bg7 5. Nf3 d6 6. a3 e5 7. Rb1 a5 8. d3 Nge7
9. O-O O-O 10. Ne1 Be6 11. Nd5 Rb8 12. Nc2 b5 13. cxb5 Nxd5 14. Bxd5 Bxd5 15. e4
Bb3 16. bxc6 Qc8 17. Qe2 Qxc6 18. Ne3 f5 19. f3 Qa6 20. Nc4 Rf7 21. Be3 Rbf8 22.
Bd2 a4 23. Rbe1 Rd8 24. Bc3 Re7 25. Ne3 d5 26. exd5 Bxd5 27. Nxd5 Rxd5 28. f4
Qxd3 29. Qxd3 Rxd3 30. fxe5 Bh6 31. Kg2 Kf7 32. Re2 Ke6 33. h3 Red7 34. g4 Be3
35. Rf3 f4 36. h4 Rf7 37. Rh3 h5 38. g5 Kd5 39. Rf3 Ke4 40. Re1 Rfd7 41. Rh3 Rd1
42. Rxd1 Rxd1 43. e6 f3+ 44. Rxf3 Rg1+ 45. Kh2 Kxf3 46. e7 Rg4 0-1

[Event "28th European Club Cup"]
[Site "Eilat ISR"]
[Date "2012.10.15"]
[Round "5.16"]
[White "Iclicki, Willy"]
[Black "Haast, Anne"]
[Result "0-1"]
[BlackTitle "WIM"]
[WhiteElo "2044"]
[BlackElo "2232"]
[WhiteTeam "C.E. de Monte Carlo"]
[BlackTeam "De Stukkenjagers"]
[WhiteFideId "200450"]
[BlackFideId "1017292"]
[EventDate "2012.10.11"]
[EventType "team-swiss"]

1. d4 Nf6 2. c4 c5 3. d5 b5 4. cxb5 a6 5. bxa6 g6 6. Nc3 Bxa6 7. Nf3 Bg7 8. e4
Bxf1 9. Kxf1 d6 10. g3 O-O 11. Kg2 Nbd7 12. h3 Ra6 13. Re1 Qa8 14. Bg5 h6 15.
Bf4 g5 16. Bd2 e6 17. dxe6 fxe6 18. Qb3 d5 19. exd5 exd5 20. Re7 Rb6 21. Qa4 Qb7
22. Ne5 d4+ 23. Kg1 Nxe5 24. Rxb7 Rxb7 25. Be1 Rxb2 26. Rb1 dxc3 27. Rxb2 cxb2
28. Qb3+ c4 29. Qxb2 Nf3+ 30. Kf1 Ne4 31. Qb7 Ned2+ 32. Bxd2 Nxd2+ 33. Ke2 c3
34. a4 Nf3 35. Kd3 Rd8+ 36. Ke4 Nd4 37. Qc7 Re8+ 38. Kd3 c2 39. Qd7 Re1 40. Qc8+
Kh7 0-1

[Event "28th European Club Cup"]
[Site "Eilat ISR"]
[Date "2012.10.15"]
[Round "5.17"]
[White "Harestad, Hans Krogh"]
[Black "Ajvazi, Ramadan"]
[Result "1/2-1/2"]
[WhiteElo "2265"]
[BlackElo "2164"]
[WhiteTeam "Soss"]
[BlackTeam "Chess Club Expik"]
[WhiteFideId "1501640"]
[BlackFideId "909122"]
[EventDate "2012.10.11"]
[EventType "team-swiss"]

1. d4 Nf6 2. c4 c5 3. d5 b5 4. Nf3 g6 5. cxb5 a6 6. Qc2 d6 7. e4 Bg7 8. Nc3 O-O
9. a4 axb5 10. Bxb5 Na6 11. h3 Nb4 12. Qe2 e6 13. dxe6 fxe6 14. e5 Nfd5 15. O-O
Bb7 16. Ne4 Nf4 17. Bxf4 Rxf4 18. Neg5 Bxe5 19. Nxe6 Bxf3 20. gxf3 Qf6 21. Nxf4
Qxf4 22. Qc4+ Qxc4 23. Bxc4+ d5 24. Bb5 Bxb2 25. Rab1 Bf6 26. Rfc1 Be7 27. Re1
Kf7 28. Kg2 Bd6 29. h4 c4 30. Re3 Rc8 31. Rc1 Bf4 32. Kf1 Bxe3 33. fxe3 c3 34.
Ke2 Na2 35. Rc2 Nb4 36. Rc1 Na2 37. Rc2 Nb4 38. Rc1 Na2 39. Rc2 Nb4 40. Rc1 Na2
41. Rc2 1/2-1/2

[Event "28th European Club Cup"]
[Site "Eilat ISR"]
[Date "2012.10.15"]
[Round "5.17"]
[White "Zymberi, Astrit"]
[Black "Stenersen, Gudmund"]
[Result "1/2-1/2"]
[WhiteElo "2161"]
[BlackElo "2226"]
[WhiteTeam "Chess Club Expik"]
[BlackTeam "Soss"]
[WhiteFideId "4700295"]
[BlackFideId "1502581"]
[EventDate "2012.10.11"]
[EventType "team-swiss"]

1. d4 d5 2. c4 e6 3. Nc3 Nf6 4. cxd5 exd5 5. Bg5 c6 6. Qc2 Be7 7. e3 O-O 8. Bd3
Nbd7 9. Nge2 Re8 10. f3 Nf8 11. O-O Nh5 12. Bxe7 Qxe7 13. e4 dxe4 14. fxe4 Bg4
15. e5 Rad8 16. Ne4 Ne6 17. Nd6 Rxd6 18. exd6 Qxd6 19. Bxh7+ Kh8 20. Bf5 Bxe2
21. Qxe2 Nhf4 22. Qe5 Qxd4+ 23. Qxd4 Nxd4 24. Bg4 Nfe2+ 25. Bxe2 Rxe2 26. Rf2
Re7 27. g3 c5 28. Kg2 f5 29. Rd1 a5 30. Rc1 b6 31. Rd2 g6 32. Kf2 Kg7 33. Rc3
Kf6 34. Re3 Rf7 35. Kg2 g5 36. h3 f4 37. gxf4 gxf4 38. Rf2 Kf5 39. Re8 f3+ 40.
Kg3 Rg7+ 41. Kh2 Kf4 42. Re1 c4 43. a4 Rg5 44. Rd2 Ne2 45. Rexe2 fxe2 46. Rxe2
b5 47. Rc2 Ke3 48. axb5 Kd3 49. Rg2 Rxb5 50. h4 a4 51. Kh3 a3 52. bxa3 c3 53.
Kg4 c2 54. Rxc2 Kxc2 55. h5 Kd3 56. h6 Ke4 57. h7 Rb1 58. Kg5 Rh1 59. Kg6 Kd4
60. Kg7 Rg1+ 61. Kf7 Rh1 62. Kg7 Kc4 63. h8=Q Rxh8 64. Kxh8 Kb3 1/2-1/2

[Event "28th European Club Cup"]
[Site "Eilat ISR"]
[Date "2012.10.16"]
[Round "6.1"]
[White "Sutovsky, Emil"]
[Black "Zvjaginsev, Vadim"]
[Result "1/2-1/2"]
[WhiteTitle "GM"]
[BlackTitle "GM"]
[WhiteElo "2685"]
[BlackElo "2678"]
[WhiteTeam "SOCAR Azerbaijan"]
[BlackTeam "Saint-Petersburg Chess Federation"]
[WhiteFideId "2802007"]
[BlackFideId "4113403"]
[EventDate "2012.10.11"]
[EventType "team-swiss"]

1. e4 c5 2. Nf3 g6 3. d4 cxd4 4. Qxd4 Nf6 5. e5 Nc6 6. Qa4 Nd5 7. Qe4 Nb6 8. Qh4
Qc7 9. Nc3 Nxe5 10. Nxe5 Qxe5+ 11. Be3 Bg7 12. O-O-O Bf6 13. Qb4 O-O 14. Bb5 d5
15. Rhe1 Qb8 16. Bc5 Be6 17. Bxe7 Bxe7 18. Qxe7 Qf4+ 19. Rd2 Qxh2 20. Qg5 Kg7
21. Ne2 Qh6 22. Qxh6+ Kxh6 23. Nf4 Nc4 24. Bxc4 dxc4 25. Nxe6 fxe6 26. Rxe6 Rf7
27. c3 Rc8 28. Re5 Rc6 29. f3 Kg7 30. Rd4 h6 31. Kd2 Rb6 32. Kc2 Rc6 33. Kd2 Rb6
34. Kc2 Rc6 35. a4 g5 36. Kd2 Rfc7 37. Ke3 Rb6 38. Rb5 Re6+ 39. Re4 Rd6 40. Rb4
Rdc6 41. Re5 Rd6 42. Re4 Rdc6 43. Re5 Rd6 44. Re4 1/2-1/2

[Event "28th European Club Cup"]
[Site "Eilat ISR"]
[Date "2012.10.16"]
[Round "6.2"]
[White "Alekseev, Evgeny"]
[Black "Eljanov, Pavel"]
[Result "1/2-1/2"]
[WhiteTitle "GM"]
[BlackTitle "GM"]
[WhiteElo "2683"]
[BlackElo "2681"]
[WhiteTeam "Economist-SGSEU Saratov"]
[BlackTeam "Ashdod"]
[WhiteFideId "4138147"]
[BlackFideId "14102951"]
[EventDate "2012.10.11"]
[EventType "team-swiss"]

1. e4 c6 2. d4 d5 3. e5 Bf5 4. h4 h5 5. c4 e6 6. Nc3 Ne7 7. Nf3 Bg4 8. Bg5 Qb6
9. Qd2 Nd7 10. c5 Qc7 11. Bd3 Bxf3 12. gxf3 f6 13. exf6 gxf6 14. Bf4 e5 15. Bg3
Bh6 16. Qc2 Rg8 17. Kf1 O-O-O 18. Ne2 Rdf8 19. Bf5 Nxf5 20. Qxf5 Qa5 21. Kg2 Qa6
22. Nc1 Bf4 23. Kh3 Bxg3 24. fxg3 Qc4 25. Nb3 e4 26. Rae1 Qd3 27. Rh2 Rg7 28.
Rd2 Qxf3 29. Qxf3 exf3 30. Rf2 Rg4 31. Rxf3 f5 32. Ref1 Rfg8 33. Rd3 f4 34. Rxf4
Rxf4 35. gxf4 Rg4 36. Rf3 Nf6 37. Nd2 Kd7 38. Rb3 Kc7 39. Rf3 Kd7 40. Rb3 Kc7
41. Rf3 Kd7 1/2-1/2

[Event "28th European Club Cup"]
[Site "Eilat ISR"]
[Date "2012.10.16"]
[Round "6.3"]
[White "Rublevsky, Sergei"]
[Black "Kurnosov, Igor"]
[Result "1/2-1/2"]
[WhiteTitle "GM"]
[BlackTitle "GM"]
[WhiteElo "2693"]
[BlackElo "2660"]
[WhiteTeam "Ugra"]
[BlackTeam "Tomsk-400"]
[WhiteFideId "4115309"]
[BlackFideId "4142527"]
[EventDate "2012.10.11"]
[EventType "team-swiss"]

1. e4 e5 2. Nf3 Nc6 3. Bb5 Nf6 4. d3 Bc5 5. c3 O-O 6. O-O Re8 7. Nbd2 a6 8. Bxc6
dxc6 9. Nc4 Nd7 10. b4 Bd6 11. Bg5 f6 12. Be3 Nf8 13. Nfd2 Be6 14. Nb3 Qd7 15.
Qe2 Ng6 16. Rfd1 Bf8 17. Nc5 Bxc5 18. bxc5 f5 19. f3 Bxc4 20. dxc4 Qe6 21. exf5
Qxf5 22. Qd3 e4 23. Qd7 Nh4 24. Bf2 Qg5 25. Bxh4 Qxh4 26. fxe4 Qxe4 27. Qd4 Qe7
28. h3 Rad8 29. Qf2 Rf8 30. Rxd8 Qxd8 31. Qd4 Qxd4+ 32. cxd4 Rd8 33. Rd1 b6 34.
cxb6 cxb6 35. Kf2 Kf7 36. Ke3 Ke6 37. a4 b5 38. Kd3 bxa4 39. Ra1 a5 40. Rxa4 Ra8
41. g4 Kd6 42. Kc3 h6 43. Ra2 a4 44. Kb4 Rb8+ 45. Kxa4 c5 46. dxc5+ Kxc5 47. Rc2
Rb4+ 48. Ka3 Rxc4 49. Kb3 Rxc2 50. Kxc2 Kd4 51. Kd2 Ke4 52. Ke2 Kf4 53. Kf2 g6
54. Kg2 Ke3 55. Kg3 g5 56. h4 gxh4+ 57. Kxh4 Kf4 58. Kh5 Kf3 59. g5 hxg5 60.
Kxg5 1/2-1/2

[Event "28th European Club Cup"]
[Site "Eilat ISR"]
[Date "2012.10.16"]
[Round "6.4"]
[White "Vogt, Lothar"]
[Black "Grachev, Boris"]
[Result "0-1"]
[WhiteTitle "GM"]
[BlackTitle "GM"]
[WhiteElo "2397"]
[BlackElo "2672"]
[WhiteTeam "Schachgesellschaft Zürich"]
[BlackTeam "SHSM-64"]
[WhiteFideId "4611292"]
[BlackFideId "4129199"]
[EventDate "2012.10.11"]
[EventType "team-swiss"]

1. e4 c6 2. d4 d5 3. Nd2 dxe4 4. Nxe4 Nf6 5. Nxf6+ gxf6 6. Nf3 Bg4 7. Be2 e6 8.
Be3 Nd7 9. h3 Bf5 10. Bd3 Bg6 11. Qd2 Nb6 12. O-O Nd5 13. c4 Nxe3 14. Qxe3 Qb6
15. Qe2 Rd8 16. Rad1 Be7 17. Be4 O-O 18. d5 cxd5 19. cxd5 Rd6 20. Rd2 Re8 21.
Qc4 Red8 22. Rfd1 f5 23. Bc2 Rxd5 24. Rxd5 Rxd5 25. Rxd5 exd5 26. Qxd5 Qxb2 27.
Bb3 Qc1+ 28. Kh2 Qc7+ 29. g3 Bf6 30. Kg2 Qc6 31. Qxc6 bxc6 32. Nd2 Kf8 33. f4
Ke7 34. Nc4 Bd4 35. Kf3 Bh5+ 36. g4 Bg6 37. Na5 Kd6 38. Nb7+ Kc7 39. Na5 Kb6 40.
Nc4+ Kc5 41. Ke2 f6 42. Nd2 Kb4 43. g5 fxg5 44. fxg5 c5 45. Bg8 Kc3 46. Nf3 f4
47. h4 c4 48. Nd2 Bd3+ 49. Kd1 Be3 50. Nf3 Bg6 51. Ne5 Bh5+ 52. Ke1 f3 53. Nxc4
Bc5 54. Ne5 f2+ 55. Kf1 Be8 56. Bc4 Kd4 57. Bf7 Bb5+ 58. Kxf2 Kxe5+ 59. Kf3 Bd3
60. h5 Kf5 61. g6 Kf6 62. gxh7 Bxh7 63. Bb3 Kg5 0-1

[Event "28th European Club Cup"]
[Site "Eilat ISR"]
[Date "2012.10.16"]
[Round "6.4"]
[White "Najer, Evgeniy"]
[Black "Goldstern, Filip"]
[Result "1-0"]
[WhiteTitle "GM"]
[BlackTitle "FM"]
[WhiteElo "2664"]
[BlackElo "2334"]
[WhiteTeam "SHSM-64"]
[BlackTeam "Schachgesellschaft Zürich"]
[WhiteFideId "4118987"]
[BlackFideId "1000730"]
[EventDate "2012.10.11"]
[EventType "team-swiss"]

1. e4 d5 2. exd5 Qxd5 3. Nc3 Qa5 4. d4 c6 5. Nf3 Nf6 6. Bc4 Bf5 7. Bd2 e6 8. Nd5
Qd8 9. Nxf6+ gxf6 10. O-O Nd7 11. Bf4 Nb6 12. Bb3 Bd6 13. Bg3 Bxg3 14. fxg3 a5
15. a4 Bg6 16. Qd2 Nd5 17. Qf2 Qb6 18. Nd2 O-O-O 19. Nc4 Qb4 20. Ba2 b6 21. c3
Qe7 22. Ne3 Nxe3 23. Qxe3 Kb7 24. Rf2 Rhe8 25. Raf1 f5 26. Re1 c5 27. d5 e5 28.
Bc4 f6 29. Bb5 Rxd5 30. Bxe8 Qxe8 31. Rd2 Rxd2 32. Qxd2 Qxa4 33. Qd8 f4 34. Qd5+
Ka7 35. b3 Qb5 36. gxf4 Bc2 37. fxe5 Bxb3 38. Qd6 Qc4 39. Qd7+ Ka6 40. Qc8+ Kb5
41. Qe8+ Ka6 42. e6 Qxc3 43. Qa8+ Kb5 44. Qe4 Bd5 45. e7 1-0

[Event "28th European Club Cup"]
[Site "Eilat ISR"]
[Date "2012.10.16"]
[Round "6.4"]
[White "Friedrich, Norbert"]
[Black "Potkin, Vladimir"]
[Result "1/2-1/2"]
[WhiteTitle "FM"]
[BlackTitle "GM"]
[WhiteElo "2302"]
[BlackElo "2663"]
[WhiteTeam "Schachgesellschaft Zürich"]
[BlackTeam "SHSM-64"]
[WhiteFideId "4602102"]
[BlackFideId "4131061"]
[EventDate "2012.10.11"]
[EventType "team-swiss"]

1. e4 c5 2. c3 d5 3. exd5 Qxd5 4. d4 Nf6 5. Nf3 e6 6. Be2 cxd4 7. Qxd4 Nc6 8.
Qxd5 Nxd5 9. O-O Be7 10. Rd1 O-O 11. c4 Nf6 12. Nc3 b6 13. Bf4 Bb7 14. a3 Rfd8
15. b4 Kf8 16. Kf1 h6 17. h3 g5 18. Bc7 Rxd1+ 19. Rxd1 Ne8 20. Bh2 f6 21. Ne1 e5
22. Bf3 Nd6 23. Nc2 Nd8 24. c5 bxc5 25. bxc5 Nc4 26. Bxb7 Nxb7 27. c6 Nd8 28. c7
Ne6 29. Nd5 Rc8 30. Ncb4 Nxc7 31. Nxe7 Kxe7 32. Nc6+ Ke6 33. Rc1 Nd2+ 34. Ke1
Nb3 35. Rc3 Kd6 36. Nxe5 fxe5 37. Rxb3 Nd5 38. Kd2 Rc4 39. Rb7 Ra4 40. Rh7 Nf4
41. Rxh6+ Kd5 42. h4 gxh4 43. Rxh4 Rd4+ 44. Kc2 Nxg2 45. Rh7 Ne1+ 46. Kb3 Nf3
47. Bg3 a5 48. Rd7+ Ke4 49. Rxd4+ exd4 50. a4 Nd2+ 51. Kc2 Nc4 52. Bc7 Kd5 53.
Bd8 Kc5 54. Be7+ Kc6 55. Kd3 Kd5 56. Kc2 Ne5 57. Bd8 Nc4 58. Kd3 Nb2+ 59. Kc2
Nxa4 60. Bxa5 Ke4 61. Kd2 Nb2 62. Kc2 Nc4 63. Bb4 d3+ 64. Kc3 Ne5 65. Kd2 Nf3+
66. Kc3 Nd4 67. Kd2 Ne6 68. Bc3 Ng5 69. Bb4 Kd4 70. Ba5 Nf3+ 71. Kd1 Ke4 72. Kc1
Ne5 73. Kd1 Nc4 74. Bc3 Na3 75. Bb4 Nc4 76. Bc3 Kf3 77. Bd4 d2 78. Bc3 Kxf2 79.
Bxd2 Nxd2 80. Kxd2 1/2-1/2

[Event "28th European Club Cup"]
[Site "Eilat ISR"]
[Date "2012.10.16"]
[Round "6.5"]
[White "Laznicka, Viktor"]
[Black "Givon, Asaf"]
[Result "1-0"]
[WhiteTitle "GM"]
[BlackTitle "FM"]
[WhiteElo "2678"]
[BlackElo "2405"]
[WhiteTeam "G-Team Novy Bor"]
[BlackTeam "Hapoel Kfar Saba"]
[WhiteFideId "316385"]
[BlackFideId "2801841"]
[EventDate "2012.10.11"]
[EventType "team-swiss"]

1. Nf3 d5 2. d4 e6 3. g3 c5 4. Bg2 Nc6 5. O-O Nf6 6. c4 Be7 7. cxd5 exd5 8. Nc3
O-O 9. Bg5 c4 10. Ne5 Be6 11. Nxc6 bxc6 12. Na4 Rc8 13. b3 Qa5 14. e3 Rfd8 15.
Bxf6 Bxf6 16. Nc5 Qb5 17. a4 Qb4 18. bxc4 dxc4 19. Qc2 Be7 20. Nxe6 fxe6 21. Bh3
Qd6 22. Qxc4 Kf7 23. Rfd1 Rc7 24. Rac1 Qd5 25. Qe2 c5 26. Rc4 1-0

[Event "28th European Club Cup"]
[Site "Eilat ISR"]
[Date "2012.10.16"]
[Round "6.5"]
[White "Galburd, Yan"]
[Black "Sasikiran, Krishnan"]
[Result "0-1"]
[BlackTitle "GM"]
[WhiteElo "2331"]
[BlackElo "2680"]
[WhiteTeam "Hapoel Kfar Saba"]
[BlackTeam "G-Team Novy Bor"]
[WhiteFideId "2808528"]
[BlackFideId "5004985"]
[EventDate "2012.10.11"]
[EventType "team-swiss"]

1. Nf3 Nf6 2. c4 c5 3. Nc3 d5 4. cxd5 Nxd5 5. Nxd5 Qxd5 6. g3 Nc6 7. Bg2 e5 8.
d3 Be7 9. O-O O-O 10. Be3 Qe6 11. Qc2 Nd4 12. Nxd4 exd4 13. Bf4 a5 14. Rfe1 Qd7
15. Qc4 Ra6 16. a4 Qd8 17. Qb5 Re6 18. Qc4 Rb6 19. Qc1 Be6 20. Ra3 Qd7 21. Ra1
Rc8 22. Qd2 Rb4 23. h4 b6 24. e3 Rxa4 25. Rxa4 Qxa4 26. Bb7 Rd8 27. exd4 Qxd4
28. Re3 Bf6 29. Qe2 Qd7 30. Rxe6 Qxe6 31. Be4 g6 32. h5 a4 33. hxg6 hxg6 34. Bc1
b5 35. Qf3 c4 36. dxc4 bxc4 37. Kg2 Rd4 38. Bc2 Qd5 39. Qxd5 Rxd5 40. Bxa4 Ra5
41. b3 c3 42. Kf3 c2 43. Ke4 Rc5 44. Kd3 Rc3+ 45. Kd2 Bd4 46. Ke2 Bc5 47. Kd2
Bb4 48. Bb5 Rc5+ 0-1

[Event "28th European Club Cup"]
[Site "Eilat ISR"]
[Date "2012.10.16"]
[Round "6.5"]
[White "Hracek, Zbynek"]
[Black "Ben Artzi, Ido"]
[Result "1/2-1/2"]
[WhiteTitle "GM"]
[WhiteElo "2612"]
[BlackElo "2286"]
[WhiteTeam "G-Team Novy Bor"]
[BlackTeam "Hapoel Kfar Saba"]
[WhiteFideId "300071"]
[BlackFideId "2810913"]
[EventDate "2012.10.11"]
[EventType "team-swiss"]

1. e4 e5 2. Nf3 Nc6 3. Bb5 a6 4. Ba4 Nf6 5. O-O Be7 6. Re1 b5 7. Bb3 d6 8. c3
O-O 9. h3 Nb8 10. d4 Nbd7 11. Nbd2 Bb7 12. Bc2 Re8 13. a4 Bf8 14. Bd3 c6 15. b3
b4 16. Bb2 bxc3 17. Bxc3 exd4 18. Bxd4 Ne5 19. Bf1 Ng6 20. Qc2 c5 21. Bxf6 Qxf6
22. Rad1 Rad8 23. g3 d5 24. exd5 Bxd5 25. Rxe8 Rxe8 26. Re1 Rxe1 27. Nxe1 h5 28.
Bg2 Be6 29. Nef3 h4 30. Qd3 c4 31. bxc4 Qa1+ 32. Kh2 Qxa4 33. Ng5 Qd7 34. Bd5
Bxd5 35. cxd5 a5 36. Nc4 Bd6 37. Ne4 Ne5 38. Nxe5 Bxe5 39. d6 hxg3+ 40. fxg3 Kf8
41. Qd5 f6 42. Kg2 a4 43. g4 Bf4 44. Kf3 Be5 45. Ke2 Qf7 46. Qa8+ Qe8 47. Qa6
Qe6 48. Qxa4 1/2-1/2

[Event "28th European Club Cup"]
[Site "Eilat ISR"]
[Date "2012.10.16"]
[Round "6.5"]
[White "Mindlin, Alon"]
[Black "Cvek, Robert"]
[Result "1/2-1/2"]
[BlackTitle "GM"]
[WhiteElo "2237"]
[BlackElo "2540"]
[WhiteTeam "Hapoel Kfar Saba"]
[BlackTeam "G-Team Novy Bor"]
[WhiteFideId "2800071"]
[BlackFideId "307424"]
[EventDate "2012.10.11"]
[EventType "team-swiss"]

1. d4 Nf6 2. c4 e6 3. Nc3 Bb4 4. e3 O-O 5. Bd3 d5 6. Nf3 b6 7. O-O Bb7 8. a3 Be7
9. Qe2 Nbd7 10. e4 dxe4 11. Nxe4 c5 12. Rd1 Qc7 13. Bg5 Rad8 14. dxc5 Nxc5 15.
Bxf6 gxf6 16. Nxc5 Qxc5 17. b4 Qc7 18. Be4 Bxe4 19. Qxe4 f5 20. Qc2 a5 21. Qb3
axb4 22. axb4 Rxd1+ 23. Rxd1 Rc8 24. Rc1 Qf4 25. Rc2 Rd8 26. Re2 Rc8 27. Rc2 Qd6
28. Rb2 Ra8 29. g3 Ra1+ 30. Kg2 Rc1 31. b5 Bf6 32. Rd2 Qc5 33. Rc2 Rd1 34. Rd2
Rc1 35. Rc2 Rd1 36. Rd2 Rc1 37. Rc2 Rd1 38. Rd2 Rc1 39. Rc2 Rd1 40. Rd2 Rc1 41.
Rc2 1/2-1/2

[Event "28th European Club Cup"]
[Site "Eilat ISR"]
[Date "2012.10.16"]
[Round "6.6"]
[White "Van Wely, Loek"]
[Black "Roiz, Michael"]
[Result "1/2-1/2"]
[WhiteTitle "GM"]
[BlackTitle "GM"]
[WhiteElo "2688"]
[BlackElo "2618"]
[WhiteTeam "Gros Xake Taldea"]
[BlackTeam "Beer Sheba"]
[WhiteFideId "1000268"]
[BlackFideId "2804158"]
[EventDate "2012.10.11"]
[EventType "team-swiss"]

1. Nf3 e6 2. g3 b5 3. Bg2 Bb7 4. O-O c5 5. d3 Nf6 6. e4 d6 7. c3 Nbd7 8. Qe2 Be7
9. Nbd2 a6 10. Ng5 e5 11. f4 O-O 12. Nh3 Qc7 13. g4 exf4 14. g5 Ne8 15. Nf3 g6
16. Nxf4 Ng7 17. a4 Rae8 18. axb5 axb5 19. Be3 Bd8 20. Qd2 Qb8 21. b3 f5 22.
gxf6 Bxf6 23. Ra5 Bc6 24. c4 bxc4 25. bxc4 Ne5 26. Nxe5 Bxe5 27. Ra2 Rf7 28. Qd1
Ref8 29. Raf2 Qd8 30. Bh3 Qg5+ 31. Qg4 Qxg4+ 32. Bxg4 g5 33. Ne6 Rxf2 34. Bxf2
Nxe6 35. Bxe6+ Kg7 36. Kg2 h6 37. h4 gxh4 38. Bxh4 Rxf1 39. Kxf1 Bf6 40. Bg3 Be5
41. Bh4 Bf6 42. Bg3 Be5 1/2-1/2

[Event "28th European Club Cup"]
[Site "Eilat ISR"]
[Date "2012.10.16"]
[Round "6.6"]
[White "Landa, Konstantin"]
[Black "Huzman, Alexander"]
[Result "1-0"]
[WhiteTitle "GM"]
[BlackTitle "GM"]
[WhiteElo "2641"]
[BlackElo "2591"]
[WhiteTeam "Gros Xake Taldea"]
[BlackTeam "Beer Sheba"]
[WhiteFideId "4101685"]
[BlackFideId "2803828"]
[EventDate "2012.10.11"]
[EventType "team-swiss"]

1. e4 d6 2. d4 Nf6 3. Bd3 g6 4. Nf3 Bg7 5. O-O O-O 6. h3 Nc6 7. c3 e5 8. Re1 Re8
9. Na3 exd4 10. cxd4 Nb4 11. Bb1 c5 12. dxc5 dxc5 13. Nb5 Nc6 14. e5 Nd7 15. Nd6
Rxe5 16. Nxe5 Ndxe5 17. f4 Nf3+ 18. gxf3 Bd4+ 19. Qxd4 Nxd4 20. Re8+ Qxe8 21.
Nxe8 Bxh3 22. Nf6+ Kg7 23. Ne4 Ne2+ 24. Kh2 Nxc1 25. Kxh3 Ne2 26. Nxc5 Rd8 27.
Nd3 h5 28. a4 Rxd3 29. Bxd3 Nxf4+ 30. Kg3 Nxd3 31. b3 g5 32. a5 h4+ 33. Kh2 Kf6
34. a6 bxa6 35. Rxa6+ Ke5 36. Rxa7 f5 37. Ra4 Nf4 38. Ra5+ Kf6 39. b4 g4 40. b5
g3+ 41. Kh1 Nd5 42. b6 1-0